Países con más inmigrantes en España - Estadísticas

Estadísticas generales
  • Esta prueba ha sido intentada 111 veces
  • La puntuación promedio es 13 de 15
Estadísticas de respuestas
N° de personas
inmigrantes
Pais % Correcto
785 884 Marruecos
98%
450 377 Colombia
96%
284 921 Argentina
95%
325 667 Venezuela
93%
221 373 Francia
92%
226 473 Perú
90%
430 275 Ecuador
88%
303 193 Reino unido
84%
200 659 Alemania
82%
153 583 Italia
81%
159 936 Bolivia
78%
179 104 China
77%
613 336 Rumanía
75%
162 368 Cuba
66%
184 832 República Dominicana
53%
No se encontraron pruebas coincidentes
Distribución de puntuación
Porcentaje de gente con cada puntuación
Porcentaje por número respondido
Historial de tus puntuaciones
No has intentado esta prueba.